<?xml version="1.0" encoding="UTF-8"?>
<record
    xmlns:xsi="http://www.w3.org/2001/XMLSchema-instance"
    xsi:schemaLocation="http://www.loc.gov/MARC21/slim http://www.loc.gov/standards/marcxml/schema/MARC21slim.xsd"
    xmlns="http://www.loc.gov/MARC21/slim">

  <leader>01323nam a22003257a 4500</leader>
  <controlfield tag="005">20170923020002.0</controlfield>
  <controlfield tag="008">130712b2012    ck ||||| |||| 00| 0 spa d</controlfield>
  <datafield tag="020" ind1=" " ind2=" ">
    <subfield code="a">9789588343778</subfield>
  </datafield>
  <datafield tag="040" ind1=" " ind2=" ">
    <subfield code="a">CO-BoIAVH</subfield>
    <subfield code="c">CO-BoIAVH</subfield>
  </datafield>
  <datafield tag="041" ind1=" " ind2=" ">
    <subfield code="a">spa</subfield>
  </datafield>
  <datafield tag="044" ind1=" " ind2=" ">
    <subfield code="a">ck</subfield>
  </datafield>
  <datafield tag="082" ind1=" " ind2=" ">
    <subfield code="a">591.3</subfield>
    <subfield code="b">P127b</subfield>
  </datafield>
  <datafield tag="245" ind1="1" ind2=" ">
    <subfield code="a">Biolog&#xED;a y conservaci&#xF3;n de las tortugas continentales de Colombia</subfield>
    <subfield code="c">editado por Viviana Paez... [et al.]</subfield>
  </datafield>
  <datafield tag="260" ind1=" " ind2=" ">
    <subfield code="a">Bogot&#xE1;, Colombia:</subfield>
    <subfield code="b">Instituto de Investigaci&#xF3;n en Recursos Biol&#xF3;gicos Alexander von Humboldt,</subfield>
    <subfield code="c">2012.</subfield>
  </datafield>
  <datafield tag="300" ind1=" " ind2=" ">
    <subfield code="a">528 p. :</subfield>
    <subfield code="b">il., mapas.</subfield>
    <subfield code="c">25 cms.</subfield>
  </datafield>
  <datafield tag="504" ind1=" " ind2=" ">
    <subfield code="a">Incluye referencias bibliogr&#xE1;ficas.</subfield>
  </datafield>
  <datafield tag="650" ind1=" " ind2=" ">
    <subfield code="a"> Especies amenazadas</subfield>
    <subfield code="z"> Colombia</subfield>
    <subfield code="9">34460</subfield>
  </datafield>
  <datafield tag="650" ind1=" " ind2=" ">
    <subfield code="a"> Tortugas continentales</subfield>
    <subfield code="x"> Conservaci&#xF3;n</subfield>
    <subfield code="z">Colombia</subfield>
    <subfield code="9">34461</subfield>
  </datafield>
  <datafield tag="650" ind1=" " ind2=" ">
    <subfield code="a"> Tortugas</subfield>
    <subfield code="x"> filogenia</subfield>
    <subfield code="9">34462</subfield>
  </datafield>
  <datafield tag="650" ind1=" " ind2=" ">
    <subfield code="a"> Tortugas</subfield>
    <subfield code="x"> historia evolutiva</subfield>
    <subfield code="9">34463</subfield>
  </datafield>
  <datafield tag="650" ind1=" " ind2=" ">
    <subfield code="a"> Tortugas neotropicales</subfield>
    <subfield code="z"> Colombia</subfield>
    <subfield code="9">34464</subfield>
  </datafield>
  <datafield tag="650" ind1=" " ind2=" ">
    <subfield code="a"> Trafico ilegal</subfield>
    <subfield code="z"> Colombia</subfield>
    <subfield code="9">34465</subfield>
  </datafield>
  <datafield tag="700" ind1="1" ind2=" ">
    <subfield code="a"> Paez, Viviana P.</subfield>
    <subfield code="e"> ed</subfield>
    <subfield code="9">452</subfield>
  </datafield>
  <datafield tag="700" ind1="1" ind2=" ">
    <subfield code="a"> Morales-Betancourt, M&#xF3;nica A.</subfield>
    <subfield code="e"> ed</subfield>
    <subfield code="9">246</subfield>
  </datafield>
  <datafield tag="700" ind1="1" ind2=" ">
    <subfield code="a"> Lasso, Carlos A.</subfield>
    <subfield code="e"> ed</subfield>
    <subfield code="9">242</subfield>
  </datafield>
  <datafield tag="700" ind1="1" ind2=" ">
    <subfield code="a">Casta&#xF1;o-Mora, Olga V.</subfield>
    <subfield code="e"> ed</subfield>
    <subfield code="9">453</subfield>
  </datafield>
  <datafield tag="700" ind1="1" ind2=" ">
    <subfield code="9">454</subfield>
    <subfield code="a"> Bock, Brian C.</subfield>
    <subfield code="e">editor</subfield>
  </datafield>
  <datafield tag="856" ind1=" " ind2=" ">
    <subfield code="u">http://www.humboldt.org.co/publicaciones/uploads/Tortugas_continentales_de_Colombia.pdf</subfield>
  </datafield>
  <datafield tag="942" ind1=" " ind2=" ">
    <subfield code="2">ddc</subfield>
    <subfield code="c">ARTICULO</subfield>
    <subfield code="0">6</subfield>
  </datafield>
  <datafield tag="999" ind1=" " ind2=" ">
    <subfield code="c">7363</subfield>
    <subfield code="d">7363</subfield>
  </datafield>
  <datafield tag="952" ind1=" " ind2=" ">
    <subfield code="0">0</subfield>
    <subfield code="1">0</subfield>
    <subfield code="2">ddc</subfield>
    <subfield code="4">0</subfield>
    <subfield code="7">0</subfield>
    <subfield code="8">HUMBOLDT</subfield>
    <subfield code="a">Bogota</subfield>
    <subfield code="b">Bogota</subfield>
    <subfield code="d">2013-07-12</subfield>
    <subfield code="l">4</subfield>
    <subfield code="o">IAVH-591.3 P127b</subfield>
    <subfield code="p">058252</subfield>
    <subfield code="r">2017-09-15 00:00:00</subfield>
    <subfield code="s">2017-09-15</subfield>
    <subfield code="t">Ej. 1</subfield>
    <subfield code="w">2013-07-12</subfield>
    <subfield code="x">Institucional</subfield>
    <subfield code="y">LIBRO</subfield>
  </datafield>
  <datafield tag="952" ind1=" " ind2=" ">
    <subfield code="0">0</subfield>
    <subfield code="1">0</subfield>
    <subfield code="2">ddc</subfield>
    <subfield code="4">0</subfield>
    <subfield code="7">0</subfield>
    <subfield code="8">HUMBOLDT</subfield>
    <subfield code="I">INV2017</subfield>
    <subfield code="a">Venado</subfield>
    <subfield code="b">Venado</subfield>
    <subfield code="d">2014-07-24</subfield>
    <subfield code="e">Instituto</subfield>
    <subfield code="g">39000.00</subfield>
    <subfield code="l">2</subfield>
    <subfield code="o">IAVH-591.3 P127b</subfield>
    <subfield code="p">038192</subfield>
    <subfield code="r">2017-09-22 00:00:00</subfield>
    <subfield code="s">2017-09-22</subfield>
    <subfield code="t">Ej. 2</subfield>
    <subfield code="w">2014-07-24</subfield>
    <subfield code="x">Institucional</subfield>
    <subfield code="y">LIBRO</subfield>
  </datafield>
  <datafield tag="952" ind1=" " ind2=" ">
    <subfield code="0">0</subfield>
    <subfield code="1">0</subfield>
    <subfield code="2">ddc</subfield>
    <subfield code="4">0</subfield>
    <subfield code="7">0</subfield>
    <subfield code="8">HUMBOLDT</subfield>
    <subfield code="A">2012</subfield>
    <subfield code="a">Bogota</subfield>
    <subfield code="b">Bogota</subfield>
    <subfield code="d">2015-06-22</subfield>
    <subfield code="l">0</subfield>
    <subfield code="o">IAVH-591.3 P127b</subfield>
    <subfield code="p">039107</subfield>
    <subfield code="r">2015-06-22 00:00:00</subfield>
    <subfield code="t">Ej. 3</subfield>
    <subfield code="w">2015-06-22</subfield>
    <subfield code="x">Institucional</subfield>
    <subfield code="y">LIBRO</subfield>
  </datafield>
</record>
